| 000 | 00582cam a22002051a 4500 | ||
|---|---|---|---|
| 001 | f 01000363 | ||
| 003 | DLC | ||
| 005 | 20260227111237.0 | ||
| 008 | 810919s1874 fr 000 1 fre | ||
| 010 | _af 01000363 | ||
| 035 | _a(OCoLC)7775989 | ||
| 040 |
_aDLC _cNcWsW _dNcWsW _dDLC |
||
| 042 | _apremarc | ||
| 050 | 0 | 0 |
_aPQ2315 _b.P72 1874 |
| 100 | 1 |
_aKarr, Alphonse, _d1808-l890. |
|
| 245 | 1 | 0 |
_aPromenades au bord de la mer / _cpar Alphonse Karr. |
| 260 |
_aParis : _bM. Lévy frères, _c1874. |
||
| 300 |
_a319, [1] p. ; _c19 cm. |
||
| 500 | _aHalf-title: Œuvres complètes. | ||
| 999 |
_c22415 _d22415 |
||